000
00264nam a2200085Ia 4500
245
0
_a
Mistaken identity : two families, one survivor, unwavering hope
100
_a
Van Ryn, Don London, 2009
_9
81378
942
_c
BK
008
210817s9999 xx 000 0 und d
999
_c
289479
_d
289478